Agroforestry, កសិរុក្ខកម្ម (Record no. 9378)

000 -LEADER
fixed length control field 00226nam a22000977a 4500
040 ## - CATALOGING SOURCE
Transcribing agency SY
082 ## - DEWEY DECIMAL CLASSIFICATION NUMBER
Classification number 634
100 ## - MAIN ENTRY--AUTHOR NAME
Personal name LAM VAY; ឡាំ វ៉ៃ
245 ## - TITLE STATEMENT
Title Agroforestry, កសិរុក្ខកម្ម
942 ## - ADDED ENTRY ELEMENTS (KOHA)
Koha item type ADB
952 ## - LOCATION AND ITEM INFORMATION (KOHA)
Withdrawn status [LOCAL, KOHA] 0
952 ## - LOCATION AND ITEM INFORMATION (KOHA)
Withdrawn status [LOCAL, KOHA] 0
Holdings
Permanent Location Date acquired Koha item type Lost status Shelving location Barcode Current Location Full call number
Library Block C2016-08-31សៀវភៅភាសាខ្មែរ C250RUA060135Library Block C634 LAM 1997 C250
Library Block C2016-09-01សៀវភៅភាសាខ្មែរ C257RUA41158Library Block C634 LAM 1998 C257
មជ្ឈមណ្ឌលឯការនៃសាកលវិទ្យាល័យភូមិន្ទកសិកម្មចំការដូង

Powered by Koha